00703nam a2200241Ia 4500008004100000020002000041040001400061082002000075100005900095245001400154260005100168300001500219365002800234366000900262505002200271520002000293530006000313536002800373620001600401630001400417650001600431730001400447100315s9999 xx 000 0 und d a81-203-2163-4  cENGLISH  b6442 a658.5  a"BLOOMBERG , DAVID J., LeMay, Stephen, Hanna, Joe B. " aLogistics aNew Delhi bPrentice-Hall of India  c2005  a310 pg.   eRupees d1 b157.50  f10  gVinayak Gonjare  aInclude Index  bBG-(Shubham Books) 1097/19-11-2007 a1097/19-11-2007  a01/04/2007-31/03/2008  aLogistics  aLogistics aLogistics  aLogistics